| 000 | 01025pam a2200277 i 4500 | ||
|---|---|---|---|
| 001 | 2298907 | ||
| 003 | OSt | ||
| 005 | 20220418161440.0 | ||
| 008 | 800722s1981 nyua b 001 0 eng | ||
| 010 | _a 80020081 | ||
| 020 |
_a0070570051 : _c$19.95 |
||
| 040 |
_aDLC _cHU _dDLC |
||
| 050 | 0 | 0 |
_aQD457 _b.S56 1981 |
| 082 | 0 | 0 |
_a541.3/078 EXP 1989 _219 |
| 245 | 0 | 0 |
_aExperiments in physical chemistry / _cDavid P. Shoemaker ... [et al.]. |
| 250 | _a4th ed. | ||
| 260 |
_aNew York : _bMcGraw-Hill, _cc1981. |
||
| 300 |
_axii, 890p. _bill. ; _c25 cm. |
||
| 500 | _aFirst-2d ed. by D. P. Shoemaker and C. W. Garland; 3d ed. by D. P. Shoemaker, C. W. Garland, and J. I. Steinfeld. | ||
| 504 | _aIncludes bibliographical references and index. | ||
| 650 | 0 |
_aChemistry, Physical and theoretical _xLaboratory manuals. _927090 |
|
| 700 | 1 |
_aShoemaker, David P. _927091 |
|
| 700 | 1 |
_aShoemaker, David P. _tExperiments in physical chemistry. _927092 |
|
| 906 |
_a7 _bcbc _corignew _du _eocip _f19 _gy-gencatlg |
||
| 942 |
_2ddc _cBOOKS _n0 |
||
| 999 |
_c35173 _d35173 |
||